Регионална библиотека "Любен Каравелов" - Русе

Дванадесет коледарски песни (Запис номер 315298)

MARC детайли
000 -Лидер
Контролно поле с фиксирана дължина 01818nja a2200229 a 4500
003 - Код на организацията, давaща контролен номер
Контролно поле BLK
005 - Дата и час на последна редакция
Контролно поле 20240613093152.0
008 - Елементи от данни с фиксирана дължина
fixed length control field 180414c bul|r|ner|||| 00| c0bul d
010 ## - Наследен системен номер
LC control number NOT00003072186
040 ## - Източник на каталожния запис
Идентификатор на билиотеката - собственик на записа BLK
100 ## - Редна дума - Автор
Автор Кръстев, Александър
Титли или други наименования, свързани с автора композитор, цигулар, педагог, ръководител на Варненското музикално училище
Дати, свързани с автора 1879 - 1945
Автор - информация (биография) Георгиев, Александър Кръстев; Кръстев, Александър Кръстев; Кръстев, Ал.
Авторска отговорност първи автор
R(LIN) 376500
245 10 - Сведения за заглавието
Заглавие Дванадесет коледарски песни
Подзаглавни данни За тригласен хор
Редно поле (дума) Александър Кръстев; Божан Ангелов.
257 ## - Страна на издаване
Страна на създаване/издаване България
380 ## - Жанр
Жанр Изкуство
500 ## - Общи забележки
Забележка На Игнажден : Замъчи се Божа майка ; Бог се роди / Текст Любомир Бобевски ; Пред порти / текст Пенчо Славейков ; Три овчари ; За майката / Текст Божан Ангелов ; За майка с няколко деца / Текст Божан Ангелов ; За бащата / Текст Божан Ангелов ; Коледна премяна / Текст Дора Габе ; Господ да влезе ; Сурва, сурва, година ; Споходна песен на коледарите ; Завило се вито хоро
700 1# - Други автори (авторска отговорност)
Лично име Ангелов, Божан
Друга информация Великов, Божан Ангелов
9 (RLIN) 374557
773 ## - Описание на основна библиографска единица при аналитични записи (многотомни)
Host Biblionumber 315112
Host Itemnumber 667894
Редна дума на основното описание Кръстев, Александър
Заглавие Годината в песни
852 ## - Местоположение
Форматна сигнатура Цб М ІІ 11784
942 ## - АРТИКУЛИ
Вид на библиотечния материал Нотни издания
Скрит в OPAC Не
944 ## - СЪЗДАВАНЕ И РЕДАКЦИЯ на ЗАПИСА
Създаване/Редакция Създаване
Дата на регистрацията/редакция 14.01.2010
Служител, извършил регистрацията/редакцията 30540
Статус, дата на статуса Севдалина Тодорова
944 ## - СЪЗДАВАНЕ И РЕДАКЦИЯ на ЗАПИСА
Създаване/Редакция Редакция
Дата на регистрацията/редакция 12.11.2014
Служител, извършил регистрацията/редакцията Виолета_Тройчева
999 ## - СИСТЕМНИ КОНТРОЛНИ НОМЕРА
Koha biblionumber 315298
Koha biblioitemnumber 315298
Наличности
Код за отписване Код за изгубен артикул Код за повреда Коз за рестрикции Код за отдаване Артикулен № Име на библиотеката - собственик Име на библиотеката, в която се намира в момента Статус (Текущо местоположение) Дата на вписване в системата Местоположение - отдел Цена в лева Инвентарен номер Систематично азбучна сигнатура Баркод Номер на екземпляра Цена в евро Служебна бележка Служебен тип на артикула Бележка за публиката
  Не е изгубен Не е повреден само за читалня ползва се в читалня 668080 Регионална библиотека "Любен Каравелов" Русе Регионална библиотека "Любен Каравелов" Русе Аналитични записи 2018-04-14 Аналитични записи 0.00 918600003072 Цб М ІІ 11784 918600003072 186 0.00 аналитичен запис Статия Това е описние на част от артикул: Годината в песни
Vip Innovations Ltd, Rousse, Bulgaria 2025